Bollards - Statistics

General Stats
  • This quiz has been taken 11 times
  • The average score is 12 of 44
Answer Stats
Picture Answer % Correct
France
71%
France
71%
Australia
57%
Australia
57%
Australia
57%
Poland
57%
UK
57%
Botswana
43%
Netherlands
43%
Netherlands
43%
Romania
43%
Spain
43%
Turkey
43%
Bangladesh
29%
Bangladesh
29%
Cambodia
29%
Cambodia
29%
Cambodia
29%
Ecuador
29%
Ecuador
29%
Ecuador
29%
Ecuador
29%
Ecuador
29%
Ecuador
29%
New Zealand
29%
South Africa
29%
Albania
14%
Canada
14%
Croatia
14%
Ghana
14%
Kenya
14%
Kenya
14%
Malaysia
14%
Malaysia
14%
North Macedonia
14%
Senegal
14%
Senegal
14%
Tunisia
14%
Christmas Island
0%
Christmas Island
0%
England (UK)
0%
Kyrgystan
0%
Manaco
0%
Mongolia
0%
No matching quizzes found
Score Distribution
Percent of People with Each Score
Percentile by Number Answered
Your Score History
You have not taken this quiz